[Event "Koge Lang Sommer Weekend"]
[Site "Koge"]
[Date "2020.07.23"]
[Round "3"]
[White "Nielsen, Leo Kresten Roland"]
[Black "Koch Mueller, Oscar"]
[Result "1/2-1/2"]
[WhiteElo "1652"]
[BlackElo "1939"]
[PlyCount "57"]
[EventDate "2020.07.22"]
[EventType "swiss"]
[EventRounds "7"]
[EventCountry "DEN"]
[SourceTitle "EXT 2021"]
[Source "ChessBase"]
[SourceDate "2020.10.23"]
[SourceVersion "1"]
[SourceVersionDate "2020.10.23"]
[SourceQuality "1"]

1. e4 e6 2. d4 d5 3. exd5 exd5 4. Nc3 Bb4 5. Nf3 Bg4 6. Be2 Nf6 7. 0-0 0-0 8. Bg5 Bxc3 9. bxc3 Qd6 10. Bxf6 Qxf6 11. Ne5 Bxe2 12. Qxe2 Re8 13. Qb5 Nc6 14. f4 Nxe5 15. fxe5 Qc6 16. Qd3 Re6 17. Rf2 Rf8 18. Raf1 Qc4 19. Qh3 Qa6 20. Qg4 b5 21. Qg5 Qc8 22. Rf6 h6 23. Qg3 Qe8 24. R1f4 Kh8 25. Rh4 Kh7 26. Qd3+ Kh8 27. Qg3 Kh7 28. Qd3+ Kh8 29. Qg3 1/2-1/2

[Event "Helsingor Xtracon op"]
[Site "Helsingor"]
[Date "2019.07.22"]
[Round "4"]
[White "Nielsen, Leo Kresten Roland"]
[Black "Huse, Arne Kjelsbol"]
[Result "0-1"]
[WhiteElo "1653"]
[BlackElo "1419"]
[PlyCount "66"]
[EventDate "2019.07.20"]
[EventType "swiss"]
[EventRounds "10"]
[EventCountry "DEN"]
[SourceTitle "CBM 191 Extra"]
[Source "ChessBase"]
[SourceDate "2019.09.30"]
[SourceVersion "1"]
[SourceVersionDate "2019.09.30"]
[SourceQuality "1"]

1. e4 e5 2. c3 Nc6 3. b4 Nf6 4. b5 Nb8 5. d3 c6 6. Qb3 d5 7. Bg5 dxe4 8. dxe4 h6 9. Bxf6 Qxf6 10. Nf3 Bc5 11. Nbd2 g5 12. bxc6 bxc6 13. Bc4 g4 14. Bxf7+ Ke7 15. Bh5 gxf3 16. Bxf3 Bb6 17. a4 Na6 18. a5 Bc5 19. Qc4 Qe6 20. Be2 Qf6 21. Nf3 Rb8 22. Qa2 Be6 23. Qc2 Nc7 24. Rb1 a6 25. 0-0 Nb5 26. Bxb5 cxb5 27. Rfd1 Rhg8 28. Qd3 Rbd8 29. Qf1 Qxf3 30. Rxd8 Kxd8 31. Rd1+ Ke7 32. Rd3 Qxe4 33. g3 Bc4 0-1

[Event "Helsingor Xtracon op"]
[Site "Helsingor"]
[Date "2018.07.24"]
[Round "5"]
[White "Christensen, Jacob Foged"]
[Black "Nielsen, Leo Kresten Roland"]
[Result "1-0"]
[WhiteElo "1916"]
[BlackElo "1653"]
[PlyCount "81"]
[EventDate "2018.07.21"]
[EventType "swiss"]
[EventRounds "10"]
[EventCountry "DEN"]
[SourceTitle "CBM 185 Extra"]
[Source "ChessBase"]
[SourceDate "2018.07.29"]
[SourceVersion "1"]
[SourceVersionDate "2018.07.29"]
[SourceQuality "1"]

1. d4 d5 2. Nf3 g6 3. c4 e6 4. Nc3 c6 5. Bf4 Bg7 6. e3 Ne7 7. Be2 dxc4 8. Bxc4 Nd5 9. Bg3 b5 10. Be2 Nd7 11. 0-0 N7f6 12. Ne5 Bd7 13. Bf3 Nxc3 14. bxc3 Nd5 15. Qb3 0-0 16. Rac1 f6 17. Nd3 a5 18. a3 Be8 19. c4 a4 20. Qa2 bxc4 21. Qxc4 f5 22. Nb4 f4 23. exf4 Qf6 24. Nxc6 Bxc6 25. Qxc6 Rfc8 26. Qxc8+ Rxc8 27. Rxc8+ Bf8 28. Bxd5 exd5 29. f5 Qxf5 30. Ra8 Qd7 31. Rc1 Qb7 32. Rb8 Qe7 33. h3 Qxa3 34. Rcc8 Qa1+ 35. Kh2 Qxd4 36. Rxf8+ Kg7 37. Rbe8 Qb4 38. Be5+ Kh6 39. f4 a3 40. Rf7 a2 41. Rxh7+ 1-0

[Event "Helsingor Xtracon op"]
[Site "Helsingor"]
[Date "2018.07.23"]
[Round "4"]
[White "Nielsen, Leo Kresten Roland"]
[Black "Rasmussen, Henrik Egede"]
[Result "0-1"]
[WhiteElo "1653"]
[BlackElo "1871"]
[PlyCount "74"]
[EventDate "2018.07.21"]
[EventType "swiss"]
[EventRounds "10"]
[EventCountry "DEN"]
[SourceTitle "CBM 185 Extra"]
[Source "ChessBase"]
[SourceDate "2018.07.29"]
[SourceVersion "1"]
[SourceVersionDate "2018.07.29"]
[SourceQuality "1"]

1. e4 d6 2. Nf3 g6 3. Bc4 Bg7 4. 0-0 a6 5. a4 e6 6. Re1 Nd7 7. c3 Ne7 8. Ng5 Ne5 9. Qb3 Nxc4 10. Qxc4 0-0 11. d4 h6 12. Nf3 Qd7 13. d5 e5 14. Qd3 f5 15. Nbd2 f4 16. b3 g5 17. h3 g4 18. hxg4 Qxg4 19. Nh2 Qg6 20. Ndf3 Bf6 21. Qc4 Kh8 22. Kh1 Rg8 23. Rg1 Bg4 24. Nxg4 Qxg4 25. Nh2 Qh5 26. Ra2 Rg7 27. Qe2 Qh4 28. Qf3 Rg3 29. fxg3 fxg3 30. Qxf6+ Qxf6 31. Nf3 Qg6 32. Re1 Qh5+ 33. Kg1 Ng6 34. Kf1 Qh1+ 35. Ke2 Qxg2+ 36. Ke3 Qxa2 37. Rh1 Qf2+ 0-1

[Event "Helsingor Xtracon op"]
[Site "Helsingor"]
[Date "2017.07.30"]
[Round "10"]
[White "Nielsen, Leo Kresten Roland"]
[Black "Aasen, Joakim"]
[Result "0-1"]
[WhiteElo "1688"]
[BlackElo "1386"]
[PlyCount "102"]
[EventDate "2017.07.22"]
[EventType "swiss"]
[EventRounds "10"]
[EventCountry "DEN"]
[SourceTitle "CBM 179 Extra"]
[Source "ChessBase"]
[SourceDate "2017.08.23"]
[SourceVersion "1"]
[SourceVersionDate "2017.08.23"]
[SourceQuality "1"]

1. e4 e6 2. Nf3 d5 3. exd5 exd5 4. d4 Bd6 5. Bd3 Nc6 6. 0-0 Nge7 7. c3 Bg4 8. Be3 Qd7 9. Nbd2 0-0-0 10. Be2 Nf5 11. Ne5 Bxe2 12. Qxe2 Bxe5 13. dxe5 Nxe3 14. Qxe3 Rhe8 15. f4 f6 16. Nf3 Re7 17. Nd4 fxe5 18. Nxc6 Qxc6 19. fxe5 Qb6 20. Qxb6 cxb6 21. Rae1 g6 22. Rf6 Kc7 23. Kf2 Rde8 24. e6 Kd6 25. Kg3 Rxe6 26. Rexe6+ Rxe6 27. Rf7 Re7 28. Rxe7 Kxe7 29. Kf4 Kf6 30. h4 h6 31. g4 Ke6 32. b4 b5 33. h5 g5+ 34. Kf3 Ke5 35. Ke3 b6 36. a3 a5 37. Kd3 axb4 38. axb4 Kf4 39. Kd4 Kxg4 40. Kxd5 Kxh5 41. Kc6 g4 42. Kxb6 g3 43. Kxb5 g2 44. c4 g1Q 45. c5 Qg8 46. c6 Qb8+ 47. Kc5 Kg6 48. b5 Kf6 49. b6 Ke6 50. Kb5 Kd6 51. c7 Qb7 0-1

[Event "Helsingor Xtracon op"]
[Site "Helsingor"]
[Date "2017.07.27"]
[Round "7"]
[White "Hestholm, Gustav"]
[Black "Nielsen, Leo Kresten Roland"]
[Result "0-1"]
[WhiteElo "1379"]
[BlackElo "1688"]
[PlyCount "94"]
[EventDate "2017.07.22"]
[EventType "swiss"]
[EventRounds "10"]
[EventCountry "DEN"]
[SourceTitle "CBM 179 Extra"]
[Source "ChessBase"]
[SourceDate "2017.08.23"]
[SourceVersion "1"]
[SourceVersionDate "2017.08.23"]
[SourceQuality "1"]

1. e4 c5 2. c3 e5 3. Nf3 Nc6 4. Bc4 a6 5. 0-0 Nf6 6. d3 d6 7. Be3 h6 8. a4 d5 9. exd5 Nxd5 10. Re1 Be6 11. Nbd2 Bd6 12. Qb3 Na5 13. Qa2 Nxc4 14. Nxc4 0-0 15. Bd2 Nb6 16. b3 Nxc4 17. bxc4 Qc8 18. Qb2 Bg4 19. Re3 f5 20. h3 f4 21. Re2 Bxf3 22. gxf3 Rf5 23. Rb1 Rh5 24. Qxb7 Qd8 25. Qd5+ Kh8 26. Kh2 Rc8 27. Qe6 Qc7 28. Ree1 Rf8 29. Rg1 Rhf5 30. Rg6 R5f6 31. Qg4 Rxg6 32. Qxg6 Rf6 33. Qg4 Bf8 34. Qh5 Qd7 35. Qxe5 Qxd3 36. Rb2 Qxf3 37. Qe1 Rg6 38. Qf1 Kh7 39. Be1 Qc6 40. a5 f3 41. Qd3 Qe6 42. Qf1 Rg2+ 43. Qxg2 fxg2 44. Kxg2 Qxe1 45. Rb6 Qxc3 46. Rxa6 Qxc4 47. Ra8 Qd5+ 0-1

[Event "Helsingor Xtracon op"]
[Site "Helsingor"]
[Date "2017.07.26"]
[Round "6"]
[White "Nielsen, Leo Kresten Roland"]
[Black "Damm, Henrik"]
[Result "0-1"]
[WhiteElo "1688"]
[BlackElo "1506"]
[PlyCount "82"]
[EventDate "2017.07.22"]
[EventType "swiss"]
[EventRounds "10"]
[EventCountry "DEN"]
[SourceTitle "CBM 179 Extra"]
[Source "ChessBase"]
[SourceDate "2017.08.23"]
[SourceVersion "1"]
[SourceVersionDate "2017.08.23"]
[SourceQuality "1"]

1. e4 c5 2. Nf3 Nc6 3. Bc4 e6 4. Nc3 g6 5. d4 cxd4 6. Nxd4 Bg7 7. Be3 Nge7 8. 0-0 a6 9. a4 0-0 10. Kh1 d5 11. exd5 Nxd5 12. Nxc6 bxc6 13. Bxd5 cxd5 14. Bd4 Bb7 15. Bxg7 Kxg7 16. Qd4+ Kg8 17. f4 Rc8 18. b3 Re8 19. Rae1 Rc7 20. Rf3 Qh4 21. g3 Qh6 22. Kg1 Qg7 23. Qxg7+ Kxg7 24. Rd3 Rec8 25. Nd1 Rxc2 26. f5 gxf5 27. Ne3 R2c3 28. Red1 a5 29. Kf2 Ba6 30. Rxc3 Rxc3 31. Rb1 d4 32. Ng2 e5 33. b4 axb4 34. Rxb4 Rc2+ 35. Kf3 e4+ 36. Kf4 Rxg2 37. Kxf5 d3 38. Rxe4 d2 39. Rg4+ Kf8 40. Rd4 Be2 41. Kf6 Rf2+ 0-1

[Event "Politiken Cup 37th"]
[Site "Helsingor"]
[Date "2015.08.01"]
[Round "9"]
[White "Loveid, Erik"]
[Black "Nielsen, Leo Kresten Roland"]
[Result "1-0"]
[WhiteElo "1559"]
[BlackElo "1775"]
[PlyCount "73"]
[EventDate "2015.07.25"]
[EventType "swiss"]
[EventRounds "10"]
[EventCountry "DEN"]
[SourceTitle "CBM 167 Extra"]
[Source "ChessBase"]
[SourceDate "2015.09.14"]
[SourceVersion "1"]
[SourceVersionDate "2015.09.14"]
[SourceQuality "1"]

1. d4 e5 2. dxe5 f6 3. exf6 Nxf6 4. Nf3 Bc5 5. e3 d5 6. c4 c6 7. Nc3 0-0 8. cxd5 cxd5 9. Be2 Bg4 10. Nd4 Bxd4 11. Qxd4 Nc6 12. Qd1 Bxe2 13. Nxe2 Qd6 14. 0-0 Ne5 15. Ng3 Rad8 16. b3 Nfg4 17. f4 Qh6 18. h3 Nxe3 19. Bxe3 Nc6 20. Bd2 Qh4 21. Qg4 Qf6 22. Rad1 Rd6 23. Nh5 Qd4+ 24. Kh1 Rg6 25. Qf3 Qc5 26. Qc3 Qb5 27. f5 Rxg2 28. Kxg2 Qe2+ 29. Kh1 Qxh5 30. Qf3 Qf7 31. Bc3 Rd8 32. Bxg7 d4 33. Bxd4 Rxd4 34. Rxd4 Nxd4 35. Qg4+ Qg7 36. Rg1 Nxf5 37. Qxf5 1-0

[Event "Politiken Cup 37th"]
[Site "Helsingor"]
[Date "2015.07.25"]
[Round "1"]
[White "Nielsen, Leo Kresten Roland"]
[Black "Risting, Eivind Olav"]
[Result "0-1"]
[WhiteElo "1775"]
[BlackElo "2190"]
[PlyCount "54"]
[EventDate "2015.07.25"]
[EventType "swiss"]
[EventRounds "10"]
[EventCountry "DEN"]
[SourceTitle "CBM 167 Extra"]
[Source "ChessBase"]
[SourceDate "2015.09.14"]
[SourceVersion "1"]
[SourceVersionDate "2015.09.14"]
[SourceQuality "1"]

1. e4 c5 2. Nf3 Nc6 3. Bc4 e6 4. Nc3 a6 5. a4 d6 6. d4 cxd4 7. Nxd4 Nf6 8. Nxc6 bxc6 9. 0-0 d5 10. Bd3 Be7 11. e5 Nd7 12. f4 Rb8 13. Rf3 c5 14. Rh3 g6 15. Qg4 c4 16. Bxg6 fxg6 17. Ne2 Bc5+ 18. Kh1 Qe7 19. c3 Qf7 20. Rf3 Rb3 21. Be3 Rxb2 22. Bxc5 Nxc5 23. Nd4 Ne4 24. Nc6 Bd7 25. Nb4 Nf2+ 26. Rxf2 Rxf2 27. Nxa6 Rxf4 0-1

[Event "Politiken Cup 36th"]
[Site "Helsingor"]
[Date "2014.07.26"]
[Round "7"]
[White "Nielsen, Leo Kresten Roland"]
[Black "Tryggestad, Andreas Garberg"]
[Result "0-1"]
[WhiteElo "1737"]
[BlackElo "1912"]
[PlyCount "46"]
[EventDate "2014.07.21"]
[EventType "swiss"]
[EventRounds "10"]
[EventCountry "DEN"]
[SourceTitle "CBM 161 Extra"]
[Source "ChessBase"]
[SourceDate "2014.08.29"]
[SourceVersion "1"]
[SourceVersionDate "2014.08.29"]
[SourceQuality "1"]

1. e4 c5 2. Bc4 e6 3. Nc3 Nc6 4. Nf3 a6 5. a4 Bd6 6. d4 Nge7 7. e5 Bc7 8. Bf4 cxd4 9. Ne4 Nxe5 10. Nxe5 Bxe5 11. Nd6+ Bxd6 12. Bxd6 Nf5 13. Bc5 Qc7 14. b4 b6 15. Bxd4 Qxc4 16. c3 Nxd4 17. Qxd4 Qxd4 18. cxd4 Bb7 19. f3 Rc8 20. b5 a5 21. Kd2 Ke7 22. Rac1 Rxc1 23. Rxc1 Rc8 0-1

[Event "Politiken Cup 36th"]
[Site "Helsingor"]
[Date "2014.07.24"]
[Round "5"]
[White "Nielsen, Leo Kresten Roland"]
[Black "Jensen, Ib Vagn Norgaard"]
[Result "0-1"]
[WhiteElo "1737"]
[BlackElo "1982"]
[PlyCount "64"]
[EventDate "2014.07.21"]
[EventType "swiss"]
[EventRounds "10"]
[EventCountry "DEN"]
[SourceTitle "CBM 161 Extra"]
[Source "ChessBase"]
[SourceDate "2014.08.29"]
[SourceVersion "1"]
[SourceVersionDate "2014.08.29"]
[SourceQuality "1"]

1. e4 Nc6 2. d4 d5 3. exd5 Qxd5 4. Nc3 Qxd4 5. Be3 Qxd1+ 6. Rxd1 Nb4 7. Bd3 c6 8. a3 Nxd3+ 9. Rxd3 Bf5 10. Rd2 e6 11. Nf3 Be7 12. Ne5 Nf6 13. f3 Nd5 14. Nxd5 cxd5 15. g4 Bg6 16. h4 f6 17. Nxg6 hxg6 18. Kf2 b6 19. Kg3 Kf7 20. f4 Rac8 21. c3 Bd6 22. Rhh2 Rc4 23. h5 gxh5 24. Rxh5 Rxh5 25. gxh5 g5 26. Kf3 gxf4 27. Bd4 e5 28. Bf2 e4+ 29. Ke2 f3+ 30. Kf1 Bf4 31. Rxd5 e3 32. Bh4 Be5 0-1

[Event "Politiken Cup 36th"]
[Site "Helsingor"]
[Date "2014.07.23"]
[Round "4"]
[White "Hyldkrog, Lars"]
[Black "Nielsen, Leo Kresten Roland"]
[Result "1-0"]
[WhiteElo "1963"]
[BlackElo "1737"]
[PlyCount "45"]
[EventDate "2014.07.21"]
[EventType "swiss"]
[EventRounds "10"]
[EventCountry "DEN"]
[SourceTitle "CBM 161 Extra"]
[Source "ChessBase"]
[SourceDate "2014.08.29"]
[SourceVersion "1"]
[SourceVersionDate "2014.08.29"]
[SourceQuality "1"]

1. e4 c5 2. Nf3 Nc6 3. d4 cxd4 4. Nxd4 d6 5. Nc3 g6 6. Be3 Bg7 7. Qd2 Nf6 8. f3 0-0 9. Bc4 a6 10. g4 Ne5 11. Bb3 Qb6 12. 0-0-0 Qd8 13. h4 Nc6 14. h5 Nxg4 15. fxg4 Bxg4 16. hxg6 Nxd4 17. gxf7+ Rxf7 18. Bxd4 Bxd4 19. Qxd4 e5 20. Bxf7+ Kxf7 21. Rdf1+ Kg6 22. Qe3 h5 23. Nd5 1-0

[Event "Politiken Cup 36th"]
[Site "Helsingor"]
[Date "2014.07.21"]
[Round "1"]
[White "Nielsen, Leo Kresten Roland"]
[Black "Haug, Johannes"]
[Result "0-1"]
[WhiteElo "1737"]
[BlackElo "2136"]
[PlyCount "58"]
[EventDate "2014.07.21"]
[EventType "swiss"]
[EventRounds "10"]
[EventCountry "DEN"]
[SourceTitle "CBM 161 Extra"]
[Source "ChessBase"]
[SourceDate "2014.08.29"]
[SourceVersion "1"]
[SourceVersionDate "2014.08.29"]
[SourceQuality "1"]

1. e4 e6 2. Nf3 d5 3. exd5 exd5 4. d4 Bd6 5. Bd3 Ne7 6. Nc3 Bg4 7. h3 Bh5 8. Qe2 c6 9. Bg5 f6 10. Be3 0-0 11. g4 Bg6 12. h4 Qd7 13. g5 Bh5 14. gxf6 Rxf6 15. Ne5 Bxe2 16. Nxd7 Nxd7 17. Nxe2 Nf5 18. Bg5 Rf7 19. 0-0-0 Ne7 20. f4 Nf5 21. c3 h6 22. Bxf5 Rxf5 23. Rdf1 hxg5 24. hxg5 Re8 25. Kd1 Nf8 26. Rh4 Ng6 27. Rg4 Ref8 28. Kd2 Bxf4+ 29. Nxf4 Rxf4 0-1

[Event "Politiken Cup 35th"]
[Site "Helsingor"]
[Date "2013.08.03"]
[Round "9"]
[White "Nielsen, Leo Kresten Roland"]
[Black "Pedersen, Jan Kaas"]
[Result "0-1"]
[WhiteElo "1752"]
[BlackElo "2018"]
[PlyCount "52"]
[EventDate "2013.07.27"]
[EventType "swiss"]
[EventRounds "10"]
[EventCountry "DEN"]
[SourceTitle "CBM 155 Extra"]
[Source "ChessBase"]
[SourceDate "2013.08.26"]
[SourceVersion "1"]
[SourceVersionDate "2013.08.26"]
[SourceQuality "1"]

1. e4 d5 2. exd5 Nf6 3. d4 Nxd5 4. c4 Nf6 5. Nc3 c6 6. Nf3 Bg4 7. Be2 e6 8. Ne5 Bxe2 9. Nxe2 Nbd7 10. Bg5 Nxe5 11. Bxf6 Bb4+ 12. Nc3 Qxf6 13. Qe2 Ng6 14. Qe3 0-0 15. 0-0 Rfd8 16. Ne2 e5 17. d5 cxd5 18. cxd5 Rxd5 19. Qb3 Qd6 20. a3 Bc5 21. Nc3 Rd3 22. Rad1 Rxd1 23. Rxd1 Qc6 24. Rd5 Nf4 25. g3 Nxd5 26. Nxd5 Rd8 0-1

[Event "Politiken Cup 35th"]
[Site "Helsingor"]
[Date "2013.07.29"]
[Round "4"]
[White "Roggensack, Hans Peter"]
[Black "Nielsen, Leo Kresten Roland"]
[Result "1-0"]
[WhiteElo "1950"]
[BlackElo "1752"]
[PlyCount "59"]
[EventDate "2013.07.27"]
[EventType "swiss"]
[EventRounds "10"]
[EventCountry "DEN"]
[SourceTitle "CBM 155 Extra"]
[Source "ChessBase"]
[SourceDate "2013.08.26"]
[SourceVersion "1"]
[SourceVersionDate "2013.08.26"]
[SourceQuality "1"]

1. e4 c5 2. Nf3 Nc6 3. Bb5 a6 4. Bxc6 dxc6 5. d3 Bg4 6. Nbd2 g6 7. 0-0 Bg7 8. h3 Be6 9. Ng5 Qd7 10. Nxe6 Qxe6 11. Nb3 b6 12. Qe2 Nf6 13. a4 a5 14. Nd2 Nd7 15. Nc4 0-0 16. Bd2 f5 17. f4 fxe4 18. Qxe4 Qxe4 19. dxe4 Ra6 20. e5 Rfa8 21. Rad1 b5 22. Nxa5 b4 23. Nc4 Rxa4 24. Be3 b3 25. cxb3 Rxc4 26. bxc4 Nb6 27. b3 Ra3 28. Bxc5 Rxb3 29. Rd8+ Kf7 30. Rb8 1-0

[Event "Politiken Cup 35th"]
[Site "Helsingor"]
[Date "2013.07.28"]
[Round "2"]
[White "Henrichsen, Jens"]
[Black "Nielsen, Leo Kresten Roland"]
[Result "1-0"]
[WhiteElo "1937"]
[BlackElo "1752"]
[PlyCount "93"]
[EventDate "2013.07.27"]
[EventType "swiss"]
[EventRounds "10"]
[EventCountry "DEN"]
[SourceTitle "CBM 155 Extra"]
[Source "ChessBase"]
[SourceDate "2013.08.26"]
[SourceVersion "1"]
[SourceVersionDate "2013.08.26"]
[SourceQuality "1"]

1. d4 d5 2. c4 c6 3. Nf3 g6 4. g3 Bg7 5. Bg2 Nf6 6. 0-0 Ne4 7. Nc3 Bf5 8. cxd5 Nxc3 9. bxc3 cxd5 10. Qb3 Qd7 11. Ne5 Bxe5 12. dxe5 e6 13. c4 Nc6 14. cxd5 exd5 15. Qxd5 0-0-0 16. Qxd7+ Rxd7 17. Bg5 Nxe5 18. e4 Bg4 19. f3 Bh5 20. g4 Nxg4 21. fxg4 Bxg4 22. Bf3 Be6 23. Rfc1+ Rc7 24. Bf4 Rc6 25. Rxc6+ bxc6 26. Rb1 Rd8 27. Rb8+ Kd7 28. Rxd8+ Kxd8 29. a3 Kc8 30. Kf2 Kb7 31. Ke3 c5 32. Kd3 Kb6 33. Kc3 Kb5 34. Be2+ c4 35. Bd1 a6 36. a4+ Kc5 37. Be2 f5 38. e5 Bd7 39. a5 Be6 40. h4 Kb5 41. Kd4 h5 42. Bd2 Bf7 43. Bf3 g5 44. Bxg5 Kxa5 45. Bd5 Bxd5 46. Kxd5 c3 47. e6 1-0

[Event "Politiken Cup 34th"]
[Site "Helsingor"]
[Date "2012.08.05"]
[Round "10"]
[White "Svane, Troels"]
[Black "Nielsen, Leo Kresten Roland"]
[Result "0-1"]
[WhiteElo "1723"]
[BlackElo "1739"]
[PlyCount "118"]
[EventDate "2012.07.28"]
[EventType "swiss"]
[EventRounds "10"]
[EventCountry "DEN"]
[SourceTitle "CBM 149 Extra"]
[Source "ChessBase"]
[SourceDate "2012.08.24"]
[SourceVersion "1"]
[SourceVersionDate "2012.08.24"]
[SourceQuality "1"]

1. Nf3 g6 2. g3 Bg7 3. Bg2 e5 4. d3 c6 5. 0-0 Ne7 6. e4 0-0 7. Bg5 f6 8. Be3 d5 9. Qc1 d4 10. Bd2 c5 11. a4 a5 12. Na3 Nec6 13. Nc4 Be6 14. b3 Nb4 15. Rb1 N8c6 16. Rb2 Rb8 17. Nh4 b5 18. axb5 Rxb5 19. f4 Bxc4 20. bxc4 Rb6 21. f5 g5 22. Nf3 Qe7 23. h4 g4 24. Nh2 h5 25. Bh6 Kh7 26. Bd2 Rfb8 27. Qd1 Bh6 28. Bxh6 Kxh6 29. Qd2+ Kh7 30. Rfb1 Qa7 31. Ra1 a4 32. Ra3 Ne7 33. Bf1 Nbc6 34. Rxb6 Rxb6 35. Qc1 Rb4 36. Qa1 Qa5 37. Qc1 Ng8 38. Be2 Nh6 39. Nf1 Qb6 40. Nd2 Ne7 41. Ra1 Nexf5 42. exf5 Nxf5 43. Nf1 Qe6 44. Ra3 Nd6 45. Qa1 e4 46. Rxa4 Rxa4 47. Qxa4 e3 48. Qa5 Qe5 49. Qe1 f5 50. Nh2 f4 51. Nxg4 hxg4 52. Bxg4 fxg3 53. Kg2 Nf5 54. h5 Kh6 55. Qf1 Kg5 56. Be2 Qf4 57. Qxf4+ Kxf4 58. Kh3 Kg5 59. Bg4 g2 0-1

[Event "Politiken Cup 34th"]
[Site "Helsingor"]
[Date "2012.07.29"]
[Round "3"]
[White "Nielsen, Leo Kresten Roland"]
[Black "Nielsen, Bjorn1111"]
[Result "1-0"]
[WhiteElo "1739"]
[BlackElo "1534"]
[PlyCount "101"]
[EventDate "2012.07.28"]
[EventType "swiss"]
[EventRounds "10"]
[EventCountry "DEN"]
[SourceTitle "CBM 149 Extra"]
[Source "ChessBase"]
[SourceDate "2012.08.24"]
[SourceVersion "1"]
[SourceVersionDate "2012.08.24"]
[SourceQuality "1"]

1. e4 e5 2. Nf3 Nc6 3. d4 exd4 4. Nxd4 Bc5 5. Nxc6 dxc6 6. Qxd8+ Kxd8 7. Bc4 Nf6 8. Bg5 Be7 9. Nc3 h6 10. Bxf6 Bxf6 11. 0-0-0+ Ke7 12. Ne2 g5 13. g3 Be6 14. Bxe6 Kxe6 15. Rd3 Rad8 16. Rhd1 Rxd3 17. Rxd3 Rd8 18. Rxd8 Bxd8 19. f4 c5 20. Kd2 f5 21. Kd3 fxe4+ 22. Kxe4 c6 23. c4 g4 24. f5+ Kf6 25. Nf4 Ba5 26. Ne6 Bb6 27. b3 a5 28. a4 h5 29. Nf4 h4 30. gxh4 Bc7 31. h5 Be5 32. h6 Bd4 33. h7 Kg7 34. Ne6+ Kxh7 35. Nxd4 cxd4 36. Kxd4 b6 37. Ke5 Kg7 38. Kf4 Kf6 39. Kxg4 Kf7 40. Kg5 Kg7 41. h4 Kf7 42. h5 Kg7 43. h6+ Kg8 44. Kf6 Kh7 45. Ke7 b5 46. f6 c5 47. axb5 Kxh6 48. f7 Kh7 49. f8Q a4 50. Kf7 axb3 51. Qg7# 1-0